000 00229nam a2200097Ia 4500
005 20251222114358.0
008 251222s1900||||xx |||||||||||||| ||spa||
082 _aDVD0010/M12/1990
245 0 _aLa caza al octubre rojo:
942 _cDVD
999 _c1502
_d1502